Nerfs crâniens le tableau de la fin - origine apparente - Statistiques

Statistiques générales
  • Ce quiz a été pris 3 fois
  • Le résultat moyen est 4 sur 12
Statistiques - réponses
nom du nerf type origine apparente origine réelle orifice de sortie innervation rôle % Correct
V1 ophtalmique sensoriel Pont ganglion trigéminé fissure orbitaire supérieure orbite, téguments péri-orbitaires, glande lacrymale sensitif pur
100%
V2 maxillaire sensoriel Pont ganglion trigéminé foramen rond et fissure orbitaire inférieure massif facial sensitif pur pour le maxillaire et la cavité orale, sécrétions nasales
100%
V3 mandibulaire mixte Pont ganglion trigéminé + noyau du 4e ventricule foramen ovale mandibule et muscles masticateurs sensitif pour la mandibule et les alvéoles dentaires inférieuresMoteur pour les muscles masticateurs
100%
VI abducens moteur Sillon bulbo-pontique plancher du 4e ventricule fissure orbitaire supérieure muscle droit externe de l'oeil diploïdie
33%
VII facial mixte Sillon bulbo-pontique ganglions sur le trajet de l'intermédiaire de Wrisberg (VII bis) + plancher du 4e ventricule foramen stylo-mastoïdien face, glandes salivaires et lacrymales, langue moteur pour la face, sécrétoire (glandes) et gustatif pour les 2/3 antérieurs de la langue (sucré/salé)
33%
VIII cochléo-vestibulaire sensoriel Sillon bulbo-pontique ganglion vestibulaires méat acoustique interne cochlée et vestibule audition et équilibre
33%
IV trochléaire moteur Face postérieure du mésencéphale toit du mésencéphale fissure orbitaire supérieure muscle grand oblique de l'oeil oeil en bas et en dehors
0%
XII hypoglosse moteur Sillon collatéral antérieur de la moelle allongée plancher du 4e ventricule canal de l'hypoglosse langue moteur pour tous les muscles de la langue
0%
IX glosso-pharyngien mixte Sillon collatéral postérieur de la moelle allongée plancher du 4e ventricule + ganglion sur le trajet du nerf foramen jugulaire langue et pharynx moteur pour le pharynx et gustatif pour le 1/3 postérieur de la langue (amertume)
0%
X vague mixte Sillon collatéral postérieur de la moelle allongée noyau dorsal, ambigü foramen jugulaire pharynx, larynx, tonsilles, viscères (coeur, poumons, oesophage et estomac) moteur pour le pharynx et les viscèresPhonation
0%
XI accessoire moteur Sillon collatéral postérieur de la moelle allongée noyau ambigü et moelle cervicale foramen jugulaire trapèze, pharynx et larynx moteur pour le trapèze
0%
III oculomoteur moteur Sillon ponto-mésencéphalique noyaux situés dans les pédoncules cérébraux fissure orbitaire supérieure muscles extrinsèques de l'oeil (DI, DS, OF, DM) motricité oculaire et parasympathique de l'oeil
0%
Aucun quiz correspondant
Distribution des résultats
% des personnes avec chaque résultat
Percentile par nombre de réponses
Votre historique - résultats
Vous n’avez pas pris ce quiz